| 000 -CABECERA |
| campo de control de longitud fija |
01366nam a22002057a 4500 |
| 003 - IDENTIFICADOR DEL NÚMERO DE CONTROL |
| campo de control |
OSt |
| 005 - FECHA Y HORA DE LA ÚLTIMA TRANSACCIÓN |
| campo de control |
20230828185326.0 |
| 008 - DATOS DE LONGITUD FIJA--INFORMACIÓN GENERAL |
| campo de control de longitud fija |
230828b ||||| |||| 00| 0 spa d |
| 020 ## - NÚMERO INTERNACIONAL ESTÁNDAR DEL LIBRO |
| Número Internacional Estándar del Libro |
9780307392503 |
| 040 ## - FUENTE DE LA CATALOGACIÓN |
| Centro/agencia transcriptor |
CO-MqBPB |
| 082 ## - NÚMERO DE LA CLASIFICACIÓN DECIMAL DEWEY |
| Número de clasificación |
AN |
| Número de documento/Ítem |
GRIi |
| 100 ## - ENTRADA PRINCIPAL--NOMBRE DE PERSONA |
| Nombre de persona |
Grisham, John, |
| Fechas asociadas al nombre |
1955- |
| 245 ## - MENCIÓN DE TÍTULO |
| Título |
El informe pelícano/ |
| Mención de responsabilidad, etc. |
John Grisham; traducción Enric Tremps |
| 260 ## - PUBLICACIÓN, DISTRIBUCIÓN, ETC. |
| Lugar de publicación, distribución, etc. |
España: |
| Nombre del editor, distribuidor, etc. |
Random House Mondadori, |
| Fecha de publicación, distribución, etc. |
2008 |
| 300 ## - DESCRIPCIÓN FÍSICA |
| Extensión |
460 p. ; |
| Otras características físicas |
Tapa Rústica, |
| Dimensiones |
19 cm |
| 490 ## - MENCIÓN DE SERIE |
| Mención de serie |
1a.ed. |
| 500 ## - NOTA GENERAL |
| Nota general |
Dos jueces del Tribunal Supremo aparecen muertos.Solo una persona ha conectado ambos crímenes, y lo ha hecho por escrito en un informe judicial.<br/>En Nueva Orleans, la brillante, bella y ambiciosa estudiante de derecho Darby Shaw intuye que lo especulado en su informe ha llegado a oídos de los más altos poderes de Washington y causará un oleaje difícil de controlar.<br/>Un oleaje que reducirá a partículas al novio de Darcy tras la explosión de una bomba, un oleaje que enviará a asesinos a sueldo por su cabeza, un oleaje que la perseguirá por todo el país mientras ella intenta dar con el reportero de investigación Gray Granthm, el único hombre que está tan cerca de la verdad como ella.<br/> «No dudo en recomendarla... es realmente imposible dejar de leer esta novela.» Frederick Forsyth |
| 650 ## - PUNTO DE ACCESO ADICIONAL DE MATERIA--TÉRMINO DE MATERIA |
| Término de materia o nombre geográfico como elemento de entrada |
Novela estadounidense |
| 942 ## - ELEMENTOS DE PUNTO DE ACCESO ADICIONAL (KOHA) |
| Fuente del sistema de clasificación o colocación |
|
| Tipo de ítem Koha |
Libro Literatura |